Biscuits - Statistics

General Stats
  • This quiz has been taken 89 times
    86 since last reset
  • The average score is 11 of 16
Answer Stats
Picture Answer % Correct
Oreo
94%
Digestive
84%
Bourbon
81%
Custard cream
81%
Nice
75%
Shortbread
75%
Jammy dodger
74%
Chocolate digestive
71%
Jaffa cake
69%
Rich tea
69%
Ginger nut
66%
Party ring
65%
Biscoff
60%
Hobnob
54%
Pink panther wafer
18%
Garibaldi
15%
No matching quizzes found
Score Distribution
Percent of People with Each Score
Percentile by Number Answered
Your Score History
You have not taken this quiz since the last reset